Normal view
MARC view
Entry Topical Term
001 - CONTROL NUMBER
- control field: 1234698
003 - CONTROL NUMBER IDENTIFIER
- control field: OSt
005 - DATE AND TIME OF LATEST TRANSACTION
- control field: 20260410163039.0
008 - FIXED-LENGTH DATA ELEMENTS
- fixed length control field: 260410|| aca||aabn | a|a d
040 ## - CATALOGING SOURCE
- Original cataloging agency: OSt
- Transcribing agency: OSt
150 ## - HEADING--TOPICAL TERM
- Topical term or geographic name entry element: EDUCATION- SOCIAL RESPONSIBILITY
670 ## - SOURCE DATA FOUND
- Source citation: Work cat.: (OSt)1848241: Lackovic, Natasa, Ed....[et.al] 1234697, Rethinking education and emancipation: , 2024
